000
00294nam a2200121Ia 4500
008
190216s9999||||xx |||||||||||||| ||und||
100
_a
Lal Kc 
 Ahmad S I
245
2
_a
A Text Book Of Modern Physics
260
_b
S Chand & Co
_c
1969
300
_a
368 p
650
_a
Physics
942
_c
BK
999
_c
33133
_d
33133